Supply Chain Management: Strategy Planning & Operation 8/e

محفوظ في:
التفاصيل البيبلوغرافية
المؤلف الرئيسي: Chopra
التنسيق: كتاب
منشور في: Pearson
الوسوم: إضافة وسم
لا توجد وسوم, كن أول من يضع وسما على هذه التسجيلة!

MARC

LEADER 00000nam a2200000Ia 4500
005 20260513122050.0
020 |a 9789371360166 
100 |a Chopra 
365 |c Rs. 
365 |b 25.00 
942 |c BK 
245 |a Supply Chain Management: Strategy Planning & Operation 8/e 
260 |b Pearson 
999 |c 29  |d 29 
952 |0 0  |1 0  |4 0  |7 0  |a UNSW  |b UNSW  |d 2026-05-06  |g 950.00  |i 16687  |l 0  |p 000105  |r 2026-05-13 12:20:50  |v 950.00  |w 2026-05-13  |y BK 
952 |0 0  |1 0  |4 0  |7 0  |a UNSW  |b UNSW  |d 2026-05-06  |g 950.00  |i 16684  |l 0  |p 000119  |r 2026-05-13 12:20:50  |v 950.00  |w 2026-05-13  |y BK